Dengarlah duhai hati

Bibliographic Details
Main Author: Ezi Afiza
Format: Book
Published: Selangor : Fajar Pakeer Sdn. Bhd , 2010
Subjects:

MARC

LEADER 00000cam a2200000 7i4500
001 0000035722
005 20130516.0
008 121015
020 |a 9833880874 
090 0 0 |a EZI   |b MAL 
100 0 |a Ezi Afiza 
245 1 0 |a Dengarlah duhai hati   |c Ezi Afiza 
260 |a Selangor :   |b Fajar Pakeer Sdn. Bhd ,   |c 2010 
650 0 |a Malay fiction   |x Malay 
999 |a 0001178720   |b Book   |c Adult Collection   |e Cawangan Bukit Gambir 
999 |a 0001178729   |b Book   |c Adult Collection   |e Cawangan Muar 
999 |a 0001178730   |b Book   |c Adult Collection   |e Cawangan Mersing 
999 |a 0001178732   |b Book   |c Adult Collection   |e Perbadanan Perpustakaan Awam Johor 
999 |a 0001200663   |b Book   |c Adult Collection   |e Cawangan Mersing 
999 |a 0001200666   |b Book   |c Children Collection   |e Cawangan Bandar Penawar